000 00206nam a2200085Ia 4500
008 170620s9999 xx 000 0 und d
100 _aS . C. C.
245 0 _aSupreme Court Cases (2004)
260 _bEastern Book Company
260 _c2004
999 _c29163
_d29163